Les doyens de l'humanité - Statistiques

Statistiques générales
  • Ce quiz a été pris 17 fois
  • Le résultat moyen est 87 sur 100
Statistiques - réponses
Devenu(e) doyen/ne le... Nom Âge Pays % Correct
10 janvier 1974 Laurence Entiope 111 ans et 119 jours France
100%
7 juillet 1990 Jeanne Calment 122 ans et 164 jours France
100%
21 novembre 2000 Marie Brémont 115 ans et 42 jours France
100%
2 mai 2010 Eugénie Blanchard 114 ans et 261 jours France
100%
19 avril 2022 Lucile Randon 118 ans et 340 jours France
100%
17 janvier 2023 Maria Branyas Morera 117 ans et 168 jours Espagne/États-Unis
94%
Salome Sellers 108 ans et 82 jours États-Unis
94%
25 décembre 1918 Clara Fountain 109 ans et 125 jours États-Unis
94%
9 septembre 1922 Louisa Thiers 111 ans et 138 jours États-Unis
94%
17 février 1926 Delina Filkins 113 ans et 214 jours États-Unis
94%
2 octobre 1940 Anna Wheeler 110 ans et 289 jours États-Unis
94%
19 mars 1948 Lucy Woodman 109 ans et 360 jours États-Unis
94%
28 avril 1951 Nancy Merriman 112 ans et 26 jours États-Unis
94%
7 janvier 1957 Catherine Waller 110 ans et 34 jours États-Unis
94%
7 octobre 1959 Robert Early 111 ans et 1 jour États-Unis
94%
9 octobre 1960 Nettie Minick 109 ans et 239 jours États-Unis
94%
28 novembre 1960 Mary Kelly 113 ans et 206 jours États-Unis
94%
30 décembre 1964 James King 112 ans et 202 jours États-Unis
94%
5 juin 1967 Narcissa Rickman 113 ans et 38 jours États-Unis
94%
11 janvier 1970 Kitty Harvey 112 ans et 180 jours États-Unis
94%
18 août 1973 Ettie Crist 111 ans et 330 jours États-Unis
94%
16 novembre 1976 Alice Coles 113 ans et 69 jours États-Unis
94%
5 novembre 1978 Eliza Underwood 114 ans et 318 jours États-Unis
94%
27 janvier 1981 Judia Ward 113 ans et 72 jours États-Unis
94%
26 août 1981 Nellie Spencer 113 ans et 81 jours États-Unis
94%
13 novembre 1982 Emma Wilson 113 ans et 155 jours États-Unis
94%
21 octobre 1986 Mary McKinney 113 ans et 248 jours États-Unis
94%
27 décembre 1987 Florence Knapp 114 ans et 93 jours États-Unis
94%
11 janvier 1988 Easter Wiggins 116 ans et 36 jours États-Unis
94%
16 avril 1998 Sarah Knauss 119 ans et 97 jours États-Unis
94%
30 décembre 1999 Ella Miller 115 ans et 351 jours États-Unis
94%
6 juin 2001 Maude Farris-Luse 115 ans et 25 jours États-Unis
94%
21 août 2002 Mae Harrington 113 ans et 343 jours États-Unis
94%
27 août 2006 Elizabeth Bolden 116 ans et 118 jours États-Unis
94%
24 janvier 2007 Emma Tillman 114 ans et 67 jours États-Unis
94%
13 août 2007 Edna Parker 115 ans et 220 jours États-Unis
94%
2 janvier 2009 Gertrude Baines 115 ans et 158 jours États-Unis
94%
21 juin 2011 Besse Cooper 116 ans et 100 jours États-Unis
94%
1er avril 2015 Gertrude Weaver 116 ans et 276 jours États-Unis
94%
6 avril 2015 Jeralean Talley 116 ans et 25 jours États-Unis
94%
17 juin 2015 Susannah Mushatt Jones 116 ans et 311 jours États-Unis
94%
13 octobre 1983 Augusta Holtz 115 ans et 79 jours États-Unis/Allemagne
94%
28 mai 2002 Adelina Domingues 114 ans et 183 jours États-Unis/Cap-Vert
94%
4 décembre 2012 Dina Manfredini 115 ans et 257 jours États-Unis/Italie
94%
Ann Pouder 109 ans et 68 jours États-Unis/Royaume-Uni
94%
14 janvier 1954 Betsy Baker 113 ans et 65 jours États-Unis/Royaume-Uni
94%
24 octobre 1955 Jennie Howell 111 ans et 309 jours États-Unis/Royaume-Uni
94%
18 mars 2002 Grace Clawson 114 ans et 194 jours États-Unis/Royaume-Uni
94%
21 octobre 1968 Tome Horigome 111 ans et 297 jours Japon
94%
4 mai 1969 Haruno Shimada 112 ans et 7 jours Japon
94%
7 avril 1974 Mito Umeta 112 ans et 65 jours Japon
94%
31 mai 1975 Niwa Kawamoto 113 ans et 60 jours Japon
94%
29 décembre 2002 Yūkichi Chūganji 114 ans et 189 jours Japon
94%
28 septembre 2003 Mitoyo Kawate 114 ans et 182 jours Japon
94%
28 janvier 2007 Yone Minagawa 114 ans et 221 jours Japon
94%
11 septembre 2009 Kama Chinen 114 ans et 357 jours Japon
94%
17 décembre 2012 Jirōemon Kimura 116 ans et 54 jours Japon
94%
12 juin 2013 Misao Ōkawa 117 ans et 27 jours Japon
94%
15 septembre 2017 Nabi Tajima 117 ans et 260 jours Japon
94%
21 avril 2018 Chiyo Miyako 117 ans et 81 jours Japon
94%
22 juillet 2018 Kane Tanaka 119 ans et 107 jours Japon
94%
19 août 2024 Tomiko Itooka 116 ans et 220 jours Japon
94%
13 novembre 2003 Ramona Trinidad Iglesias-Jordan 114 ans et 271 jours Porto Rico/États-Unis
94%
11 décembre 2006 Emiliano Mercado del Toro 115 ans et 156 jours Porto Rico/États-Unis
94%
Lorenzo Malori[ 105 ans et 201 jours Italie
88%
12 mai 2016 Emma Morano 117 ans et 137 jours Italie
88%
Cornelius Crich 101 ans et 150 jours Royaume-Uni
88%
Ferdinand Ashmall[ 103 ans et 27 jours Royaume-Uni
88%
Bartholomew Johnson 103 ans et 134 jours Royaume-Uni
88%
14 février 1814 Johanna Perryman[ 102 ans et 95 jours Royaume-Uni
88%
3 février 1899 Margaret Ann Neve 110 ans et 321 jours Royaume-Uni
88%
10 juillet 1917 Sarah Gardiner 106 ans et 169 jours Royaume-Uni
88%
Rachel Swain 108 ans et 41 jours Royaume-Uni
88%
12 octobre 1938 Mary Davey 108 ans et 91 jours Royaume-Uni
88%
Elizabeth Sellwood 107 ans et 272 jours Royaume-Uni
88%
31 décembre 1969 Ada Roe 111 ans et 339 jours Royaume-Uni
88%
27 février 1973 Alice Stevenson 112 ans et 39 jours Royaume-Uni
88%
2 février 1987 Anna Eliza Williams 114 ans et 208 jours Royaume-Uni
88%
30 avril 2025 Ethel Caterham 116 ans et 175 jours Royaume-Uni
88%
16 mars 1830 Marie-Louise Plante 107 ans et 96 jours Canada
81%
Marie-Rosalie Lizotte 108 ans et 70 jours Canada
81%
4 août 1997 Marie-Louise Meilleur 117 ans et 230 jours Canada
81%
Pierre Darcourt 108 ans et 108 jours Belgique
75%
Willem van Renterghem 105 ans et 323 jours Belgique
75%
24 octobre 1888 Marie d'Evergroote 108 ans et 148 jours Belgique
75%
4 novembre 2010 Ana Nogueira de Lucas 114 ans et 150 jours Brésil
75%
18 novembre 2010 Maria Gomes Valentim 114 ans et 347 jours Brésil
75%
29 décembre 2024 Inah Canabarro Lucas 116 ans et 326 jours Brésil
75%
10 juillet 1972 Josefa Salas Mateo 112 ans et 228 jours Espagne
75%
Eilif Philipsen 102 ans et 333 jours Norvège
75%
24 mars 1892 Lavina Hansdatter 105 ans et 253 jours Norvège
75%
16 mai 1893 Kirsti Skagen 109 ans et 200 jours Norvège
75%
16 décembre 1956 Mathias Hansen Saether 108 ans et 78 jours Norvège
75%
26 novembre 2008 Maria de Jesus dos Santos 115 ans et 114 jours Portugal
69%
24 novembre 1897 Geert Adriaans Boomgaard 110 ans et 135 jours Pays-Bas
63%
4 janvier 1959 Christina Karnebeek-Backs 110 ans et 5 jours Pays-Bas
63%
4 décembre 1928 Katherine Plunket 111 ans et 327 jours Irlande
56%
29 mai 2004 Maria Esther de Capovilla 116 ans et 347 jours Équateur
25%
15 avril 2017 Violet Brown 117 ans et 189 jours Jamaïque
25%
14 novembre 1968 Marie Bernátková 111 ans et 194 jours Tchécoslovaquie
13%
Aucun quiz correspondant
Distribution des résultats
% des personnes avec chaque résultat
Percentile par nombre de réponses
Votre historique - résultats
Vous n’avez pas pris ce quiz